000 02069nam0a2200433 i 4500
001 RU\NLR\BIBL_A\016207498
005 20260408235103.0
010 _a9785604186053
_9300
035 _a(RuMoRGB)010880667
035 _a(NLR Aleph) 016207498
090 _a12696591
_c12696591
100 _a20221115d2019 k y0rusy50 ca
101 1 _arus
_deng
_cjpn
_cchi
102 _aRU
105 _aab||z|||000zy
181 0 _ai
_baxxe
182 0 _an
200 1 _aПесни "Кодзики", "Нихон Сёки" и "Буссокусэки-ка"
_eглоссирование, морфологический анализ, переводы и комментарии
_fЕ. Н. Левченко-Шмаевская
203 _aТекст
_bвизуальный
_cнепосредственный
210 _aМосква
_cИзд-во восточной литературы
_d2019
215 _a286, [1] с.
_cил., карты, табл.
_d22
_e[1] отд. л. схем
300 _aЧасть текста на кит. и яп. яз.
300 _aРез. англ.
320 _aБиблиогр.: с. 270-280
500 _aКодзики
_3RU\NLR\AUTH\559383
_92631399
500 1 0 _7ca
_aНихон сёки
_92637595
_3RU\NLR\AUTH\5506622
500 1 0 _7ca
_aБуссокусэки-ка
_n8 в.
_92639538
_3RU\NLR\AUTH\5508566
605 _a"Буссокусэки-ка"
_n8 в.
_92542487
_3RU\NLR\AUTH\6601718569
605 _a"Кодзики"
_91537093
_3RU\NLR\AUTH\66669940
605 _a"Нихон секи"
_92069345
_3RU\NLR\AUTH\661244046
606 1 _aЯпонский язык
_xИстория
_92005629
_3RU\NLR\AUTH\661207065
686 1 _aШ5(5Я)4-332.4
686 1 _aШ175.42-0
700 1 _7ca
_8rus
_aЛевченко-Шмаевская
_bЕ. Н.
_gЕкатерина Николаевна
_9251731
_3RU\NLR\AUTH\770251787
942 _cBOOK
980 _aNBR